| 000 | 01448nam a22002897a 4500 | ||
|---|---|---|---|
| 003 | SISC | ||
| 005 | 20180108153614.0 | ||
| 008 | 180108b xxu||||| |||| 00| 0 eng d | ||
| 020 | _a9781611599275 | ||
| 050 |
_aPZ 5 _b.C45 2013 |
||
| 100 | _aSorbo, Kevin | ||
| 245 |
_aChicken soup for the soul: _bthink positive for kids : 101 stories about good decisions, self-esteem, and positive thinking / _c[compiled by] Kevin Sorbo [and] Amy Newmark |
||
| 260 |
_a[Connecticut] : _bChicken Soup for the Soul Publishing, _cc2013. |
||
| 300 |
_axiv, 366 pages : _billustrations ; _c22 cm. |
||
| 440 | _aChicken soup for the soul | ||
| 520 | _aA collection of 101 personal stories about children making good decisions, doing the right thing, thinking positively, overcoming obstacles, and being grateful. | ||
| 526 | _bInterest age level: 007-012 | ||
| 650 |
_2Library of Congress Subject Headings _aChildren _xConduct of life _vLiterary collections |
||
| 650 |
_2Library of Congress Subject Headings _aOptimism _vLiterary collections |
||
| 650 |
_2Library of Congress Subject Headings _aChildren _xConduct of life _vAnecdotes |
||
| 650 |
_2Library of Congress Subject Headings _aOptimism _vAnecdotes |
||
| 650 |
_2Library of Congress Subject Headings _aChildren _xConduct of life |
||
| 650 |
_2Library of Congress Subject Headings _aOptimism |
||
| 650 |
_2Library of Congress Subject Headings _aAnecdotes |
||
| 700 | _aNewmark, Amy | ||
| 942 |
_2lcc _cBK |
||
| 999 |
_c353212 _d353212 |
||